00553nam a2200181Ia 4500008004100000020001800041082001600059100002600075245005500101250000800156260002700164300001300191500002400204650001500228942000700243952010400250999001700354230524s9999 xx 000 0 und d a9788174465641 a658.33bPAN aM P Pandikumar930037 0aManagement Accounting : Theory & Practice with C D aIST aNEW DELHIbExcelc2008 aVIII;455 aQuantity Number: 1 aManagement cBK 00104070aTATCLbTATCLcGENd2023-05-24l0o658.33 PANp30623r2023-05-24w2023-05-24yBKzMBA301 c43043d43043